000
00397nam a22001217a 4500
003
SGT
082
_a
891.4309
_b
H80B
100
_a
बंसल, पवन कुमार
245
_a
हरियाणा के लालों के सबरंगे किस्से
260
_b
जाहनवी प्रकाशन संस्थान
_c
1980
300
_a
158
942
_2
ddc
_c
BK
999
_c
29965
_d
29965